Quiz : Equipe de France - Statistiques

Statistiques générales
  • Ce quiz a été pris 243 fois
  • Le résultat moyen est 7 sur 10
Statistiques - réponses
Question Réponse % Correct
Qui est le sélectionneur de l'équipe de France depuis 2012 ? Didier Deschamps
100%
Qui est l'actuel capitaine de l'équipe de France ? Kylian Mbappé
100%
Quel est le symbole de l'équipe de France ? Un coq
100%
Contre qui l'équipe de France a réussi sa plus grande victoire ? Gibraltar
93%
Qui est le meilleur buteur de l'équipe de France ? Olivier Giroud
89%
Lorsque la France joue a domicile, que font les supporters de particulier ? Ils chantent la Marseillaise "a cappella"
78%
Combien de fois la France a t-elle gagnée l'Euro ? 2
59%
Quand a été crée l'équipe de France ? 1904
48%
Combien de finale de Coupe du Monde la France a disputé ? 4
48%
Contre qui l'équipe de France a joué son premier match ? La Belgique
26%
Aucun quiz correspondant
Distribution des résultats
% des personnes avec chaque résultat
Percentile par nombre de réponses
Votre historique - résultats
Vous n’avez pas pris ce quiz